000 00733nam a2200229 i 4500
999 _c12426
_d12426
001 C2-0077348
003 PPAK
005 20190622091115.0
008 970429s1990 my |||| ||||| | may d
040 _aPPAK
_beng
_cPPAK
_erda
082 0 4 _a354.595
_223
090 0 0 _a354.595
_bMAL
_dR
245 0 0 _aMalaysia [perintah-perintah Am dan Arahan Pentadbiran] Perintah-perintah Am dan Arahan Pentadbiran (hingga 25hb. Mac 1990)
264 1 _aKuala Lumpur :
_bInternational Law book services ,
_c1990
300 _a[various pages] ;
_c24 cm
336 _2rdacontent
_atext
337 _2rdamedia
_aunmediated
338 _2rdacarrier
_avolume
500 _a1 jilid
650 1 0 _aAdministrative procedure - Malaysia
942 _cB
_2ddc